| 000 | 00635nam a2200229Ia 4500 | ||
|---|---|---|---|
| 005 | 20260429111918.0 | ||
| 008 | 260429s9999||||xx |||||||||||||| ||und|| | ||
| 020 | _a9789394797079 | ||
| 041 | _aEnglish | ||
| 082 |
_a781.60954 _bDAS |
||
| 100 | _aDas, Iman | ||
| 245 | 0 |
_aReimagining "one nation, one music" / _cIman Das |
|
| 250 | _a1st ed. | ||
| 260 |
_aHaryana : _bShubhi Publications, _c2022. |
||
| 300 | _axii, 85 p.; hb | ||
| 440 | _aAudio visual research monograph; 01 | ||
| 650 | _a Indian music | ||
| 650 | _aTraditional music | ||
| 700 | _a Mutthuswamy, Lalitha | ||
| 700 | _a Mutthuswamy, Nandini | ||
| 942 | _cTB | ||
| 999 |
_c51391 _d51391 |
||